Star Trek Blitz Quiz Stats

Quiz Updated Nov 18, 2012

Also try: Star Trek Intro
Challenge
Share
Tweet
Embed
Score 0/27 Timer 02:00
0 Plays Today
Hint Answer % Correct
'Space: the final ________. These are the voyages...'frontier
98.1%
Name of ship: USS ___________Enterprise
96.9%
Captain James ____Kirk
93.7%
'_____ me up, Scotty'Beam
91.7%
Captain was played by William _________Shatner
90.5%
United _________ of PlanetsFederation
84.9%
McCoy is a ______, not a Coal Miner!Doctor
83.5%
McCoy's nickname: '______'Bones
77.4%
Captain's previous training was at ________ AcademyStarfleet
74.5%
Episode with soft, furry, rapidly-reproducing critters: 'The Trouble with _______'Tribbles
72%
Star Trek creator: Gene ____________Roddenberry
71.6%
Principal of non-interference: 'The ______ Directive'Prime
69.9%
Hand-held weapon often set on 'stun': _______phaser
67.1%
Communications Officer: Lieutenant ______Uhura
63.6%
Hint Answer % Correct
Actor who plays Spock: Leonard _______Nimoy
62.3%
Spock is from what planet?: _______Vulcan
61.3%
'Live long and ________'prosper
60.7%
Ricardo Montalbán played villain '____ Noonien Singh' in the episode 'Space Seed'Khan
60.1%
Helm Officer skilled in fencing: _____Sulu
58.6%
Spock's mother is of what race?: ________Human
56.3%
Navigator Chekov's rank: ______Ensign
53.4%
Engineer Scott's full first name: ____________Montgomery
52%
Hand-held device that flips open; used for verbal transmissions: ____________communicator
41.4%
Letter-Number designation of ship: ____-_____NCC-1701
40.2%
Majel Barrett played Nurse ______Chapel
37.2%
Joan Collins appeared on the episode 'The City on the Edge of _________'Forever
34.2%
Spock's father's name: ______Sarek
27.8%

You're not logged in!

Compare scores with friends on all Sporcle quizzes.
Join for Free
OR
Log In

You Might Also Like...

Show Comments

Extras

Top Quizzes Today


Score Distribution

Your Account Isn't Verified!

In order to create a playlist on Sporcle, you need to verify the email address you used during registration. Go to your Sporcle Settings to finish the process.

Report this User

Report this user for behavior that violates our Community Guidelines.

Details: